000 00871cam a2200265 a 4500
999 _c2105
_d2105
003 OSt
005 20210706102042.0
008 921007s1988 sz a i000 0 eng d
020 _a9241542233 (pbk.)
040 _cDNLM
042 _alccopycat
050 0 4 _aRA64
_b.G84 1988
060 0 0 _aWC 335
_bG946 1988
245 0 2 _aA Guide to leprosy control.
250 _a2nd ed.
260 _aGeneva :
_bWorld Health Organization ;
_aAlbany, NY :
_bWHO Publications Center USA [distributor],
_c1988.
300 _aviii, 121 p. :
_bill.
504 _aIncludes bibliographical references.
650 0 _aLeprosy
_xPrevention.
650 2 _aLeprosy
_xprevention & control.
710 2 _aWorld Health Organization.
906 _a7
_bcbc
_ccopycat
_d4
_encip
_f19
_gy-gencatlg
942 _2lcc
_cBK
_nDO